Democracy and Education (Record no. 8940)

MARC details
000 -LEADER
fixed length control field 00501nam a22001937a 4500
003 - CONTROL NUMBER IDENTIFIER
control field OSt
005 - DATE AND TIME OF LATEST TRANSACTION
control field 20240626133130.0
008 - FIXED-LENGTH DATA ELEMENTS--GENERAL INFORMATION
fixed length control field 240626b |||||||| |||| 00| 0 eng d
020 ## - INTERNATIONAL STANDARD BOOK NUMBER
International Standard Book Number 1419115561
040 ## - CATALOGING SOURCE
Transcribing agency MUST
082 ## - DEWEY DECIMAL CLASSIFICATION NUMBER
Classification number 370.115 DEW
100 ## - MAIN ENTRY--PERSONAL NAME
Personal name Dewey, John
9 (RLIN) 6461
245 ## - TITLE STATEMENT
Title Democracy and Education
260 ## - PUBLICATION, DISTRIBUTION, ETC. (IMPRINT)
Place of publication, distribution, etc. United states
Name of publisher, distributor, etc. :Kessinger publishing
Date of publication, distribution, etc. , n.d
300 ## - PHYSICAL DESCRIPTION
Extent 288p.
Other physical details : ill
Dimensions ; 23 cm
651 ## - SUBJECT ADDED ENTRY--GEOGRAPHIC NAME
Source of heading or term Democracy
651 ## - SUBJECT ADDED ENTRY--GEOGRAPHIC NAME
Geographic name Democracy and education
9 (RLIN) 18102
942 ## - ADDED ENTRY ELEMENTS (KOHA)
Source of classification or shelving scheme Dewey Decimal Classification
Koha item type Open Shelf
Holdings
Withdrawn status Lost status Source of classification or shelving scheme Damaged status Not for loan Home library Current library Date acquired Source of acquisition Inventory number Total Checkouts Full call number Barcode Date last seen Price effective from Koha item type
    Dewey Decimal Classification     MUST Main Library MUST Main Library 26/06/2024 Purchase 05/23452   370.115 DEW 2024-21457 26/06/2024 26/06/2024 Open Shelf